Развитие фауны пресноводных моллюсков в юрском периоде; Сибирский НИИ геологии, геофизики и минерального сырья. Труды; Вып. 22

Bibliographic Details
Parent link:Сибирский НИИ геологии, геофизики и минерального сырья. Труды
Вып. 22.— 1962.— С. 70-72
Main Author: Лебедев И. В.
Language:Russian
Published: 1962
Subjects:
Format: MixedMaterials Book Chapter
KOHA link:https://koha.lib.tpu.ru/cgi-bin/koha/opac-detail.pl?biblionumber=592035

MARC

LEADER 00000naa0a2200000 4500
001 592035
005 20250108140315.0
035 |a (RuTPU)RU\TPU\tpu\3244 
035 |a TPU00003244 
090 |a 592035 
100 |a 20011210d1962 k||y0rusy50 ca 
101 0 |a rus 
102 |a RU 
200 1 |a Развитие фауны пресноводных моллюсков в юрском периоде  |f И. В. Лебедев 
461 |t Сибирский НИИ геологии, геофизики и минерального сырья. Труды 
463 |t Вып. 22  |v С. 70-72  |d 1962 
610 1 |a биологические науки 
610 1 |a палеонтология 
610 1 |a труды учёных ТПУ 
700 1 |a Лебедев  |b И. В. 
801 0 |a RU  |b 63413507  |c 20011210  |g PSBO 
801 2 |a RU  |b 63413507  |c 20070118  |g PSBO 
942 |c CR